[Event "Jakarta Peduli"]
[Site "Jakarta"]
[Date "2020.10.11"]
[Round "10"]
[White "Supriyono, Eko"]
[Black "Jurmansah, Joni"]
[Result "1-0"]
[WhiteElo "2198"]
[BlackElo "2063"]
[PlyCount "103"]
[EventDate "2020.10.03"]
[EventType "tourn"]
[EventRounds "10"]
[EventCountry "INA"]
[SourceTitle "EXT 2022"]
[Source "ChessBase"]
[SourceDate "2021.10.06"]
[SourceVersion "1"]
[SourceVersionDate "2021.10.06"]
[SourceQuality "1"]

1. d4 Nf6 2. Nf3 d6 3. Bf4 Nbd7 4. e3 Nh5 5. Bg5 c5 6. Be2 h6 7. Bh4 g5 8. Nfd2 Nhf6 9. Bg3 cxd4 10. exd4 Bg7 11. c3 Rb8 12. Na3 a6 13. Nc2 Nf8 14. Ne3 Ng6 15. h4 Nf4 16. hxg5 hxg5 17. Rxh8+ Bxh8 18. Bf3 Nd3+ 19. Kf1 Nf4 20. Bxf4 gxf4 21. Nd5 Nxd5 22. Bxd5 e6 23. Qh5 Bg7 24. Re1 Kf8 25. Bb3 d5 26. Nf3 b5 27. Ng5 Rb7 28. Qh4 Qd6 29. Nh7+ Kg8 30. Nf6+ Kf8 31. Bxd5 Qe7 32. Nh7+ Kg8 33. Ng5 Rb6 34. Qh7+ Kf8 35. Qh5 Kg8 36. Bb3 Rd6 37. Ne4 Rd8 38. Ng5 Rd6 39. Bc2 Rd5 40. Qh7+ Kf8 41. Nf3 Qf6 42. Bb3 Rf5 43. Bc2 Rd5 44. Be4 Rd8 45. Qh5 Qe7 46. Ng5 Bd7 47. Qh4 Kg8 48. Qh5 Kf8 49. d5 e5 50. d6 Qe8 51. Nh7+ Kg8 52. Qg5 1-0

[Event "Jakarta Peduli"]
[Site "Jakarta"]
[Date "2020.10.10"]
[Round "9"]
[White "Jurmansah, Joni"]
[Black "Malik, Jan Adiar"]
[Result "0-1"]
[WhiteElo "2063"]
[BlackElo "1857"]
[PlyCount "86"]
[EventDate "2020.10.03"]
[EventType "tourn"]
[EventRounds "10"]
[EventCountry "INA"]
[SourceTitle "EXT 2022"]
[Source "ChessBase"]
[SourceDate "2021.10.06"]
[SourceVersion "1"]
[SourceVersionDate "2021.10.06"]
[SourceQuality "1"]

1. a3 e5 2. e4 Nf6 3. d3 Bc5 4. h3 d5 5. exd5 Nxd5 6. Nf3 Nc6 7. Be2 0-0 8. 0-0 Re8 9. c4 Nf6 10. Nc3 Bf5 11. b4 Bd4 12. Nxd4 Nxd4 13. Re1 Nxe2+ 14. Nxe2 Bxd3 15. c5 Qd7 16. Bb2 Qb5 17. Rc1 Rad8 18. Qd2 a5 19. Bc3 Ne4 20. Qb2 axb4 21. axb4 Bxe2 22. Qxe2 Nxc3 23. Rxc3 Qxb4 24. Rec1 Rd4 25. Kh2 h6 26. Qf3 Rf4 27. Qg3 Re6 28. Qe3 Qd4 29. Qxd4 exd4 30. Rb3 b6 31. f3 Rc6 32. Kg3 g5 33. Rb5 d3 34. Rd1 Rd4 35. cxb6 Rxb6 36. Rc5 Rd7 37. Rc3 Rbd6 38. Kf2 Kg7 39. Ke3 Re6+ 40. Kf2 Re2+ 41. Kg1 d2 42. Kf1 Rde7 43. Rc2 Re1+ 0-1

[Event "Jakarta Peduli"]
[Site "Jakarta"]
[Date "2020.10.06"]
[Round "5"]
[White "Jurmansah, Joni"]
[Black "Supriyono, Eko"]
[Result "1/2-1/2"]
[WhiteElo "2063"]
[BlackElo "2198"]
[PlyCount "73"]
[EventDate "2020.10.03"]
[EventType "tourn"]
[EventRounds "10"]
[EventCountry "INA"]
[SourceTitle "EXT 2022"]
[Source "ChessBase"]
[SourceDate "2021.10.06"]
[SourceVersion "1"]
[SourceVersionDate "2021.10.06"]
[SourceQuality "1"]

1. c4 e5 2. g3 Nf6 3. Bg2 c6 4. d3 Bc5 5. e3 0-0 6. Ne2 d5 7. cxd5 Nxd5 8. 0-0 Nf6 9. d4 exd4 10. Nxd4 Bxd4 11. exd4 Be6 12. Nc3 h6 13. Be3 Na6 14. h3 Nb4 15. a3 Nbd5 16. Re1 Qd6 17. Kh2 Rad8 18. Qf3 Rfe8 19. Rac1 Nxc3 20. Rxc3 Bd5 21. Qd1 Bxg2 22. Kxg2 Nd5 23. Rd3 Qg6 24. Rb3 b6 25. Kh2 c5 26. dxc5 Qf5 27. Kg1 bxc5 28. Rd3 Re5 29. g4 Qe6 30. Bd2 c4 31. Rxe5 Qxe5 32. Bc3 Qe6 33. Rd4 Rd7 34. Qf3 Nxc3 35. Qxc3 Rxd4 36. Qxd4 a6 37. Kf1 1/2-1/2

[Event "Jakarta Gunadarma"]
[Site "Jakarta"]
[Date "2018.07.27"]
[Round "8"]
[White "Jurmansah, Joni"]
[Black "Singgih, Diajeng Theresa"]
[Result "0-1"]
[WhiteElo "2204"]
[BlackElo "1894"]
[PlyCount "130"]
[EventDate "2018.07.20"]
[EventType "tourn"]
[EventRounds "10"]
[EventCountry "INA"]
[SourceTitle "CBM 186 Extra"]
[Source "ChessBase"]
[SourceDate "2018.08.24"]
[SourceVersion "1"]
[SourceVersionDate "2018.08.24"]
[SourceQuality "1"]

1. d4 d5 2. Nf3 Nf6 3. Bf4 e6 4. e3 Be7 5. Be2 0-0 6. 0-0 b6 7. c4 c5 8. Nc3 Bb7 9. Rc1 Nc6 10. b3 Rc8 11. Bg3 cxd4 12. exd4 dxc4 13. bxc4 Na5 14. Ne5 Ne4 15. Nxe4 Bxe4 16. Bf4 f6 17. Nf3 Ba3 18. Rc3 Bb2 19. Re3 Bxf3 20. Rxf3 Bxd4 21. Rh3 e5 22. Bc1 e4 23. Qa4 Qe8 24. Qd1 Rd8 25. Qc2 f5 26. Bd2 Nc6 27. Bf4 Be5 28. Bxe5 Qxe5 29. Qa4 Nd4 30. Bd1 f4 31. Qxa7 e3 32. Qxb6 e2 33. Bxe2 Nxe2+ 34. Kh1 Rd6 35. Qb1 Rg6 36. Qd3 Qg5 37. Qd5+ Qxd5 38. cxd5 Ra8 39. a3 Rga6 40. Ra1 Nd4 41. Rd3 Nb5 42. d6 Rxd6 43. Rxd6 Nxd6 44. a4 Ra5 45. Kg1 Ne4 46. Kf1 Nc3 47. Ra3 Nxa4 48. Ke2 g5 49. Kf3 Kg7 50. h4 h6 51. Kg4 Kg6 52. g3 h5+ 53. Kf3 g4+ 54. Kxf4 Rf5+ 55. Ke4 Nc5+ 56. Kd4 Ne6+ 57. Ke4 Rxf2 58. Ra6 Re2+ 59. Kd3 Re5 60. Rb6 Kf6 61. Rc6 Re1 62. Kd2 Rf1 63. Rc3 Rf3 64. Rxf3+ gxf3 65. Ke3 Nd4 0-1

[Event "Jakarta Tunas Jaya I"]
[Site "Jakarta"]
[Date "2018.07.12"]
[Round "4.4"]
[White "Aris, TLS"]
[Black "Jurmansah, Joni"]
[Result "1-0"]
[WhiteElo "2119"]
[BlackElo "2204"]
[PlyCount "81"]
[EventDate "2018.07.11"]
[EventType "swiss"]
[EventRounds "9"]
[EventCountry "INA"]
[SourceTitle "EXT 2024"]
[Source "ChessBase"]
[SourceDate "2023.10.10"]
[SourceVersion "1"]
[SourceVersionDate "2023.10.10"]
[SourceQuality "1"]

1. d4 Nf6 2. Bf4 d5 3. Nf3 e6 4. e3 h6 5. c4 c6 6. Nc3 Nbd7 7. Bd3 Nh5 8. Bg3 Nxg3 9. hxg3 Be7 10. Rc1 Bf6 11. cxd5 exd5 12. b4 Nb6 13. 0-0 0-0 14. a4 Be6 15. Nd2 Re8 16. Qb3 Qd7 17. a5 Nc8 18. Na4 Qe7 19. Nc5 a6 20. Qc2 Nd6 21. Ndb3 Rab8 22. Nxe6 fxe6 23. f4 Nf5 24. Rf3 Rf8 25. Nc5 Rbe8 26. Kh1 Nd6 27. Bg6 Rb8 28. Qd3 Nb5 29. g4 Qd6 30. Rcf1 Be7 31. Bh7+ Kh8 32. g5 hxg5 33. Rh3 g4 34. Rh5 Rf6 35. Bf5+ Rh6 36. Rxh6+ gxh6 37. Bxe6 Kg7 38. Qf5 h5 39. Qf7+ Kh6 40. Bf5 Rh8 41. Ne6 1-0

[Event "Cilacap MPCNI"]
[Site "Cilacap"]
[Date "2017.12.29"]
[Round "8"]
[White "Margana, Adhy"]
[Black "Jurmansah, Joni"]
[Result "1-0"]
[WhiteElo "2236"]
[BlackElo "2217"]
[PlyCount "87"]
[EventDate "2017.12.26"]
[EventType "tourn"]
[EventRounds "9"]
[EventCountry "INA"]
[SourceTitle "CBM 182 Extra"]
[Source "ChessBase"]
[SourceDate "2018.02.23"]
[SourceVersion "1"]
[SourceVersionDate "2018.02.23"]
[SourceQuality "1"]

1. d4 Nf6 2. c4 g6 3. g3 c6 4. Bg2 d5 5. Nf3 Bg7 6. 0-0 0-0 7. cxd5 Nxd5 8. e4 Nb6 9. h3 a5 10. Nc3 Na6 11. Re1 Be6 12. Bf4 Nb4 13. a3 Na6 14. Rc1 Qd7 15. Kh2 Rfd8 16. Qc2 Qe8 17. Rcd1 h6 18. Bf1 Rac8 19. Bxa6 bxa6 20. Na4 Nxa4 21. Qxa4 Qd7 22. Ng1 Qb7 23. Rd2 Qb6 24. Be3 Qc7 25. Rc1 Bd7 26. Rc5 e5 27. dxe5 Bf8 28. Rc1 c5 29. Qd1 Bc6 30. Bxc5 Rxd2 31. Qxd2 Bxe4 32. Be3 Qxc1 33. Qxc1 Rxc1 34. Bxc1 Bg7 35. f4 Kf8 36. Bd2 a4 37. Bc3 Ke8 38. Ne2 Kd7 39. Kg1 Kc6 40. Kf2 Bf8 41. Ke3 Bg2 42. h4 Bc5+ 43. Bd4 Bxd4+ 44. Kxd4 1-0

[Event "Cilacap MPCNI"]
[Site "Cilacap"]
[Date "2017.12.28"]
[Round "5"]
[White "Jurmansah, Joni"]
[Black "Sadikin The, Irwanto"]
[Result "1/2-1/2"]
[WhiteElo "2217"]
[BlackElo "2338"]
[PlyCount "69"]
[EventDate "2017.12.26"]
[EventType "tourn"]
[EventRounds "9"]
[EventCountry "INA"]
[SourceTitle "CBM 182 Extra"]
[Source "ChessBase"]
[SourceDate "2018.02.23"]
[SourceVersion "1"]
[SourceVersionDate "2018.02.23"]
[SourceQuality "1"]

1. c4 e6 2. Nf3 d5 3. Qc2 Nf6 4. a3 c5 5. d3 Nc6 6. g3 Be7 7. Bg2 0-0 8. 0-0 d4 9. Nbd2 e5 10. Nb3 h6 11. Bd2 Bf5 12. Nc1 a5 13. Rb1 Qd7 14. b4 axb4 15. axb4 cxb4 16. Nh4 Be6 17. Bxc6 bxc6 18. Bxb4 c5 19. Bd2 Rfb8 20. f3 Ne8 21. Ng2 Bh3 22. Rxb8 Rxb8 23. Nb3 Qb7 24. Rb1 Bxg2 25. Kxg2 Nc7 26. Ba5 Ne6 27. Nd2 Qa8 28. Rxb8+ Qxb8 29. Qb1 Qxb1 30. Nxb1 Kf8 31. Na3 Ke8 32. Nb5 Kd7 33. Kf2 f5 34. Kg2 g6 35. Kf2 1/2-1/2

[Event "Cilacap MPCNI"]
[Site "Cilacap"]
[Date "2017.12.28"]
[Round "6"]
[White "Syaifudin, Agus"]
[Black "Jurmansah, Joni"]
[Result "1-0"]
[WhiteElo "2195"]
[BlackElo "2217"]
[PlyCount "95"]
[EventDate "2017.12.26"]
[EventType "tourn"]
[EventRounds "9"]
[EventCountry "INA"]
[SourceTitle "CBM 182 Extra"]
[Source "ChessBase"]
[SourceDate "2018.02.23"]
[SourceVersion "1"]
[SourceVersionDate "2018.02.23"]
[SourceQuality "1"]

1. e4 c5 2. Nf3 d6 3. d4 cxd4 4. Qxd4 Nc6 5. Bb5 Bd7 6. Bxc6 Bxc6 7. Nc3 Nf6 8. Bg5 e6 9. Bxf6 Qxf6 10. Qxf6 gxf6 11. Nd4 Rc8 12. 0-0-0 Rg8 13. g3 Rg5 14. Rhe1 Bd7 15. f4 Rgc5 16. Kb1 Be7 17. Re3 a6 18. Nb3 Rc4 19. g4 h6 20. Rde1 Kf8 21. a3 Kg8 22. Ka2 b6 23. Rd1 Bc6 24. Nd4 Bb7 25. f5 e5 26. Nde2 b5 27. Nc1 Kh7 28. Nd3 h5 29. h3 hxg4 30. hxg4 Kg7 31. Nb4 Kf8 32. Rd2 Ke8 33. Kb1 Kd7 34. Nbd5 Bd8 35. Rh2 Bc6 36. Rh7 Bxd5 37. Nxd5 Rxc2 38. Rxf7+ Ke8 39. Ra7 Rc1+ 40. Ka2 Rh1 41. g5 fxg5 42. f6 Kf8 43. Rg3 Rcc1 44. Rxg5 Ra1+ 45. Kb3 Rh3+ 46. Nc3 Bxf6 47. Rf5 Rh6 48. Nd5 1-0

[Event "Yogyakarta Piala Raja Master"]
[Site "Yogyakarta"]
[Date "2017.08.23"]
[Round "5"]
[White "Barus, Cerdas"]
[Black "Jurmansah, Joni"]
[Result "1/2-1/2"]
[WhiteElo "2342"]
[BlackElo "2259"]
[PlyCount "61"]
[EventDate "2017.08.21"]
[EventType "tourn"]
[EventRounds "10"]
[EventCountry "INA"]
[EventCategory "3"]
[SourceTitle "CBM 180 Extra"]
[Source "ChessBase"]
[SourceDate "2017.10.06"]
[SourceVersion "1"]
[SourceVersionDate "2017.10.06"]
[SourceQuality "1"]

1. d4 d5 2. c4 c6 3. Nc3 Nf6 4. Nf3 e6 5. cxd5 exd5 6. Bg5 Be7 7. e3 Bg4 8. Bd3 Nbd7 9. Qc2 Bh5 10. 0-0 Bg6 11. Rab1 0-0 12. b4 a6 13. a4 Rc8 14. Rfc1 Ne4 15. Bf4 f5 16. Qb3 Bf7 17. Qb2 Ra8 18. Ne5 Be6 19. Nxd7 Qxd7 20. Ne2 Qd8 21. Be5 g6 22. Qc2 Rc8 23. Qb2 Ra8 24. Rc2 Ra7 25. b5 axb5 26. axb5 Ra3 27. bxc6 bxc6 28. Nc3 Qa8 29. Bf1 Re8 30. Ne2 Rc8 31. Nf4 1/2-1/2

[Event "Yogyakarta Piala Raja Master"]
[Site "Yogyakarta"]
[Date "2017.08.23"]
[Round "6"]
[White "Jurmansah, Joni"]
[Black "Novita, Anjas"]
[Result "0-1"]
[WhiteElo "2259"]
[BlackElo "2379"]
[PlyCount "66"]
[EventDate "2017.08.21"]
[EventType "tourn"]
[EventRounds "10"]
[EventCountry "INA"]
[EventCategory "3"]
[SourceTitle "CBM 180 Extra"]
[Source "ChessBase"]
[SourceDate "2017.10.06"]
[SourceVersion "1"]
[SourceVersionDate "2017.10.06"]
[SourceQuality "1"]

1. e4 c5 2. Nf3 Nc6 3. d4 cxd4 4. Nxd4 Qc7 5. Nc3 e6 6. Be2 a6 7. 0-0 Nf6 8. Nxc6 bxc6 9. Be3 d5 10. exd5 cxd5 11. a3 Bd6 12. h3 Rb8 13. Rb1 0-0 14. Bf3 Rd8 15. Bd2 Bb7 16. Bg5 Be5 17. Ne2 h6 18. Bxf6 Bxf6 19. c3 d4 20. Bxb7 dxc3 21. Qe1 c2 22. Rc1 Rxb7 23. Nc3 Rxb2 24. Ne4 Be5 25. g3 f5 26. Nd2 Qc3 27. Nc4 Qxc4 28. Qxe5 Qxf1+ 29. Rxf1 Rb1 30. Qxe6+ Kh8 31. Qc6 Rxf1+ 32. Kxf1 Rd1+ 33. Kg2 c1Q 0-1

[Event "Yogyakarta Piala Raja Master"]
[Site "Yogyakarta"]
[Date "2017.08.22"]
[Round "4"]
[White "Jurmansah, Joni"]
[Black "Prihastomo, Iwan"]
[Result "0-1"]
[WhiteElo "2259"]
[BlackElo "2280"]
[PlyCount "74"]
[EventDate "2017.08.21"]
[EventType "tourn"]
[EventRounds "10"]
[EventCountry "INA"]
[EventCategory "3"]
[SourceTitle "CBM 180 Extra"]
[Source "ChessBase"]
[SourceDate "2017.10.06"]
[SourceVersion "1"]
[SourceVersionDate "2017.10.06"]
[SourceQuality "1"]

1. e4 e6 2. d4 d5 3. e5 c5 4. c3 Nc6 5. Nf3 Nge7 6. Bb5 Qb6 7. Bxc6+ bxc6 8. 0-0 Nf5 9. Na3 cxd4 10. cxd4 Ba6 11. Re1 Bb4 12. Bd2 Bxa3 13. bxa3 Nxd4 14. Nxd4 Qxd4 15. Rc1 c5 16. Bg5 Qxd1 17. Rexd1 Bc4 18. f3 h6 19. Bh4 Rc8 20. Bf2 0-0 21. Rb1 Rc7 22. Rb2 Rfc8 23. Be1 Rc6 24. a4 d4 25. a5 Ba6 26. Rf2 Rd8 27. Rc2 c4 28. Bb4 Rd5 29. f4 c3 30. Rcc1 h5 31. g3 g5 32. Kf2 Kg7 33. Rh1 Rb5 34. a3 Rc4 35. Rhd1 Kg6 36. Re1 Rbxb4 37. axb4 d3 0-1